[Event "chess.com IoM Masters"]
[Site "Douglas ENG"]
[Date "2016.10.01"]
[Round "1.1"]
[White "Caruana, Fabiano"]
[Black "Houska, Jovanka"]
[Result "1-0"]
[WhiteTitle "GM"]
[BlackTitle "IM"]
[WhiteElo "2813"]
[BlackElo "2386"]
[WhiteFideId "2020009"]
[BlackFideId "405094"]
[EventDate "2016.10.01"]

1. d4 Nf6 2. c4 e6 3. Nc3 d5 4. cxd5 exd5 5. Bg5 c6 6. Qc2 Be7 7. e3 Nbd7 8. Bd3
O-O 9. Nge2 Re8 10. O-O Nf8 11. f3 g6 12. Rad1 Ne6 13. Bh4 b6 14. Qc1 Bb7 15. e4
Nh5 16. Bf2 Bg5 17. Be3 Bxe3+ 18. Qxe3 f6 19. g4 Nhg7 20. Qh6 Qd7 21. f4 Nxd4
22. Nxd4 Qxg4+ 23. Kh1 dxe4 24. Be2 Nf5 25. Bxg4 Nxh6 26. Bd7 c5 27. Nde2 Red8
28. Nd5 Bxd5 29. Rxd5 Kg7 30. Rfd1 f5 31. h3 Ng8 32. Bc6 Rxd5 33. Rxd5 Rc8 34.
Rd7+ Kf6 35. Bb5 h6 36. Bc4 g5 37. Kg2 Ne7 38. Kf2 Rb8 39. a4 Ra8 40. Ke3 Rc8
41. b3 Rb8 42. Rd6+ Kg7 43. Ng3 Rb7 44. Nh5+ Kh7 45. Ba6 1-0

[Event "chess.com IoM Masters"]
[Site "Douglas ENG"]
[Date "2016.10.01"]
[Round "1.2"]
[White "Brunello, Marina"]
[Black "So, Wesley"]
[Result "0-1"]
[WhiteTitle "FM"]
[BlackTitle "GM"]
[WhiteElo "2382"]
[BlackElo "2794"]
[WhiteFideId "822590"]
[BlackFideId "5202213"]
[EventDate "2016.10.01"]

1. e4 e6 2. d4 d5 3. Nd2 Be7 4. Bd3 c5 5. dxc5 Nf6 6. Qe2 O-O 7. Ngf3 a5 8. c3
Na6 9. e5 Nd7 10. Bxa6 Rxa6 11. b4 Ra8 12. O-O axb4 13. cxb4 b6 14. c6 Bxb4 15.
cxd7 Ba6 16. Qe3 Bc5 17. Nd4 Bxf1 18. Kxf1 Qxd7 19. N2b3 Ra4 20. Kg1 Rfa8 21.
Qd2 Qc7 22. Nxc5 bxc5 23. Nf3 Qa5 24. Qxa5 R4xa5 25. a3 Rb5 26. Kf1 Ra4 27. Ke2
f6 28. Kd3 Kf7 29. Ra2 Ke7 30. Bb2 d4 31. Bc1 fxe5 32. Nxe5 Rb3+ 33. Kc2 Rc3+
34. Kd1 Kd6 35. Nf7+ Ke7 36. Ne5 Ra6 37. Rb2 Kd6 38. Bd2 Kxe5 39. Bxc3 dxc3 40.
Rb3 Rd6+ 41. Kc1 Rd3 42. a4 Kd4 43. a5 Rd2 44. Ra3 Rxf2 45. a6 Kd3 46. Kb1 Rf1+
47. Ka2 Kd2 48. a7 Rf8 49. Kb3 c2 50. Ra2 c4+ 51. Kxc4 Kd1 0-1

[Event "chess.com IoM Masters"]
[Site "Douglas ENG"]
[Date "2016.10.01"]
[Round "1.4"]
[White "Tate, Alan"]
[Black "Adams, Michael"]
[Result "0-1"]
[WhiteTitle "FM"]
[BlackTitle "GM"]
[WhiteElo "2376"]
[BlackElo "2745"]
[WhiteFideId "2401878"]
[BlackFideId "400041"]
[EventDate "2016.10.01"]

1. e4 e5 2. Nf3 Nc6 3. d4 exd4 4. Nxd4 Nf6 5. Nc3 Bb4 6. Nxc6 bxc6 7. Bd3 d5 8.
exd5 cxd5 9. O-O O-O 10. h3 Re8 11. Qf3 Rb8 12. Bf4 Bd6 13. Nb5 Bxf4 14. Qxf4
Rb7 15. b3 a6 16. Nd4 c5 17. Nf5 Bxf5 18. Qxf5 g6 19. Qf4 Re6 20. Rfe1 Rbe7 21.
Rxe6 Rxe6 22. Qa4 a5 23. Rd1 Qc7 24. Qh4 Qe5 25. Qh6 Qb2 26. Qc1 Qc3 27. Qf4 Kg7
28. Kf1 Qb2 29. a4 Ne4 30. Bxe4 Rxe4 31. Qd2 Rd4 32. Qe2 Rxd1+ 33. Qxd1 c4 34.
bxc4 dxc4 35. g3 h5 36. h4 Qe5 37. Qe1 Kf6 38. Qxe5+ Kxe5 39. c3 Kf5 40. f3 g5
41. hxg5 Kxg5 42. Kg2 h4 43. g4 Kf4 44. Kh3 Kxf3 45. Kxh4 Ke4 0-1

[Event "chess.com IoM Masters"]
[Site "Douglas ENG"]
[Date "2016.10.01"]
[Round "1.5"]
[White "Eljanov, Pavel"]
[Black "Hemant, Sharma2"]
[Result "1-0"]
[WhiteTitle "GM"]
[WhiteElo "2741"]
[BlackElo "2371"]
[WhiteFideId "14102951"]
[BlackFideId "5025842"]
[EventDate "2016.10.01"]

1. d4 d5 2. c4 e6 3. Nc3 Nf6 4. cxd5 exd5 5. Bg5 c6 6. e3 Be7 7. Bd3 Nbd7 8. h3
O-O 9. Qc2 Re8 10. Nf3 Nf8 11. Bf4 Ne6 12. Be5 g6 13. O-O-O Ng7 14. g4 a5 15.
Kb1 b5 16. Bg3 Qb6 17. Rc1 Be6 18. Bh4 a4 19. Ne5 Nd7 20. Bxe7 Rxe7 21. Nxd7
Bxd7 22. a3 Ree8 23. Na2 f5 24. gxf5 Nxf5 25. h4 Rf8 26. Nb4 Rf6 27. Rcg1 Raf8
28. h5 R8f7 29. Rg5 Rg7 30. Ka2 Qd8 31. Rhg1 Qf8 32. hxg6 hxg6 33. Rh1 Rh7 34.
Qb1 Qg7 35. Rxh7 Kxh7 36. Qg1 Kg8 37. Qh2 Nd6 38. Rg2 Kf7 39. Bb1 Kg8 40. Qg1
Be8 41. Nd3 Nc4 42. Nf4 Rxf4 43. Bxg6 Bxg6 44. Rxg6 Rf7 45. Qg4 1-0

[Event "chess.com IoM Masters"]
[Site "Douglas ENG"]
[Date "2016.10.01"]
[Round "1.6"]
[White "Harsha, Bharathakoti"]
[Black "Leko, Peter"]
[Result "1/2-1/2"]
[BlackTitle "GM"]
[WhiteElo "2363"]
[BlackElo "2709"]
[WhiteFideId "5078776"]
[BlackFideId "703303"]
[EventDate "2016.10.01"]

1. e4 e5 2. Nf3 Nc6 3. Bc4 Bc5 4. c3 Nf6 5. d3 d6 6. O-O a6 7. Bb3 O-O 8. Nbd2
Ba7 9. h3 Ne7 10. Re1 Ng6 11. Nf1 b5 12. d4 Bb7 13. Ng3 h6 14. a4 c5 15. dxe5
dxe5 16. Qxd8 Rfxd8 17. axb5 axb5 18. Be3 c4 19. Rxa7 Rxa7 20. Bxa7 cxb3 21. Be3
Nxe4 22. Nxe4 Bxe4 23. Bb6 Rd6 24. Bc7 Rd7 25. Rxe4 Rxc7 26. Rb4 Rc5 27. g3 Ne7
28. Rxb3 Nc8 29. Ra3 Nb6 30. Ra6 Nc4 31. b3 Nb2 32. Ra8+ Kh7 33. b4 Rd5 34. Ra7
Kg8 35. Ra8+ Kh7 36. Ra7 Kg8 37. Ra8+ Kh7 1/2-1/2

[Event "chess.com IoM Masters"]
[Site "Douglas ENG"]
[Date "2016.10.01"]
[Round "1.8"]
[White "Wallace, John Paul"]
[Black "Rodshtein, Maxim"]
[Result "0-1"]
[WhiteTitle "IM"]
[BlackTitle "GM"]
[WhiteElo "2355"]
[BlackElo "2687"]
[WhiteFideId "3200957"]
[BlackFideId "2806851"]
[EventDate "2016.10.01"]

1. Nf3 d5 2. d4 Nf6 3. c4 c6 4. Nc3 e6 5. e3 Nbd7 6. Qc2 Bd6 7. b3 O-O 8. Bb2 e5
9. h3 e4 10. Nd2 a6 11. c5 Bc7 12. Na4 Ne8 13. O-O-O f5 14. f4 Qh4 15. g4 Qf2
16. Qc3 Ndf6 17. g5 Nh5 18. h4 Be6 19. Rh3 Bf7 20. Kb1 Ng3 21. Ka1 Bh5 22. Rb1
Rd8 23. b4 Rf7 24. Rxg3 Qxg3 25. Nb3 Qxh4 26. Na5 Bxa5 27. bxa5 h6 28. gxh6 gxh6
29. Qb4 Qf2 0-1

[Event "chess.com IoM Masters"]
[Site "Douglas ENG"]
[Date "2016.10.01"]
[Round "1.9"]
[White "Vidit, Santosh Gujrathi"]
[Black "Van Foreest, Lucas"]
[Result "1-0"]
[WhiteTitle "GM"]
[WhiteElo "2686"]
[BlackElo "2350"]
[WhiteFideId "5029465"]
[BlackFideId "1039792"]
[EventDate "2016.10.01"]

1. Nf3 Nf6 2. c4 e6 3. g3 b6 4. Bg2 Bb7 5. d4 Be7 6. O-O O-O 7. Re1 Na6 8. Bf4
d5 9. Ne5 c5 10. Nc3 Re8 11. Rc1 Ne4 12. cxd5 exd5 13. Nxe4 dxe4 14. dxc5 Bxc5
15. Nc4 Qf6 16. Qb3 Rad8 17. Red1 Qe6 18. a3 Rxd1+ 19. Qxd1 b5 20. Na5 Bd5 21.
b4 Bb6 22. Bh3 Bxf2+ 23. Kxf2 e3+ 24. Ke1 Qe4 25. Bf1 g5 26. Bxg5 Qh1 27. Bxe3
Bg2 28. Qd7 1-0

[Event "chess.com IoM Masters"]
[Site "Douglas ENG"]
[Date "2016.10.01"]
[Round "1.10"]
[White "Balint, Vilmos"]
[Black "Naiditsch, Arkadij"]
[Result "0-1"]
[BlackTitle "GM"]
[WhiteElo "2334"]
[BlackElo "2684"]
[WhiteFideId "718050"]
[BlackFideId "4650891"]
[EventDate "2016.10.01"]

1. Nf3 Nf6 2. g3 b5 3. Na3 Ba6 4. c3 e6 5. Bg2 d5 6. b4 c5 7. O-O Nc6 8. Nxb5
Bxb5 9. a4 Bxe2 10. Qxe2 cxb4 11. cxb4 Bxb4 12. Ne5 Nxe5 13. Qb5+ Nfd7 14. Qxb4
Rb8 15. Qa3 Nc4 16. Qa2 O-O 17. d3 Nce5 18. Ba3 Re8 19. f4 Nxd3 20. f5 Nf6 21.
fxe6 Rxe6 22. Kh1 Qe8 23. Rad1 Re2 24. Rd2 Rxd2 25. Qxd2 Rb3 26. Bd6 Ne4 27. Qa5
Nxd6 28. Bxd5 Rb2 29. Qxa7 h5 30. Bf3 Ne4 31. Qd4 Nef2+ 32. Kg1 Nh3+ 33. Kh1 Rd2 0-1

[Event "chess.com IoM Masters"]
[Site "Douglas ENG"]
[Date "2016.10.01"]
[Round "1.11"]
[White "Shirov, Alexei"]
[Black "Kavutskiy, Konstantin"]
[Result "1-0"]
[WhiteTitle "GM"]
[BlackTitle "FM"]
[WhiteElo "2679"]
[BlackElo "2332"]
[WhiteFideId "2209390"]
[BlackFideId "2026384"]
[EventDate "2016.10.01"]

1. d4 Nf6 2. c4 g6 3. Nc3 Bg7 4. e4 d6 5. Be2 O-O 6. Nf3 Na6 7. O-O e5 8. Be3 c6
9. dxe5 dxe5 10. Qxd8 Rxd8 11. h3 Nd7 12. Rfd1 Re8 13. a3 Nc7 14. c5 Ne6 15. b4
f5 16. Bc4 Kh8 17. Rd6 Ndf8 18. Rad1 h6 19. a4 f4 20. Bc1 g5 21. a5 Nd4 22. Nxd4
exd4 23. Ne2 Kh7 24. Nxd4 Be5 25. a6 Bxd6 26. cxd6 b5 27. Bd3 Bd7 28. Bb2 Kg8
29. e5 Rxe5 30. Nxc6 Re6 31. Bxb5 Re4 32. f3 Rxb4 33. Nxb4 Bxb5 34. Re1 Nd7 35.
Re7 Rc8 36. Nd5 Rc2 37. Nf6+ Nxf6 38. Bxf6 Rc1+ 39. Kh2 Rd1 40. Rg7+ Kf8 41.
Rxa7 Ke8 42. Re7+ Kf8 43. a7 1-0

[Event "chess.com IoM Masters"]
[Site "Douglas ENG"]
[Date "2016.10.01"]
[Round "1.12"]
[White "Formento, Paolo"]
[Black "Movsesian, Sergei"]
[Result "0-1"]
[WhiteTitle "FM"]
[BlackTitle "GM"]
[WhiteElo "2326"]
[BlackElo "2677"]
[WhiteFideId "861162"]
[BlackFideId "310204"]
[EventDate "2016.10.01"]

1. d4 Nf6 2. c4 d6 3. Nf3 Nbd7 4. Nc3 e5 5. e4 g6 6. Be2 Bg7 7. O-O O-O 8. Re1
h6 9. Bf1 Nh7 10. g3 Ng5 11. Nxg5 exd4 12. Ne2 hxg5 13. Nxd4 Ne5 14. h3 Qf6 15.
f4 gxf4 16. gxf4 Nxc4 17. Bxc4 Qxd4+ 18. Qxd4 Bxd4+ 19. Kg2 Kg7 20. a4 Bd7 21.
Ra3 Rae8 22. Rd3 c5 23. Bd5 b6 24. b3 f5 25. Be3 fxe4 26. Bxd4+ cxd4 27. Rxd4
Rxf4 28. Rdxe4 Rfxe4 29. Rxe4 Rxe4 30. Bxe4 g5 0-1

[Event "chess.com IoM Masters"]
[Site "Douglas ENG"]
[Date "2016.10.01"]
[Round "1.13"]
[White "Fressinet, Laurent"]
[Black "L'Ami, Alina"]
[Result "1-0"]
[WhiteTitle "GM"]
[BlackTitle "IM"]
[WhiteElo "2676"]
[BlackElo "2322"]
[WhiteFideId "608742"]
[BlackFideId "1210246"]
[EventDate "2016.10.01"]

1. e4 c5 2. Nc3 d6 3. Nge2 Nf6 4. d4 cxd4 5. Nxd4 a6 6. g3 e5 7. Nde2 Be7 8. Bg2
O-O 9. a4 Be6 10. O-O Nbd7 11. a5 b5 12. axb6 Nxb6 13. b3 d5 14. exd5 Nbxd5 15.
Nxd5 Bxd5 16. Bxd5 Nxd5 17. c3 f5 18. b4 a5 19. Qb3 axb4 20. Bb2 Kh8 21. Rad1
Ra5 22. c4 f4 23. Bxe5 f3 24. Nd4 Ra3 25. Qc2 Nc3 26. Bxg7+ Kg8 27. Bxf8 Nxd1
28. Bxe7 Qxd4 29. Qxd1 Rd3 30. Qa1 Qe4 31. Qf6 Qa8 32. Qe6+ 1-0

[Event "chess.com IoM Masters"]
[Site "Douglas ENG"]
[Date "2016.10.01"]
[Round "1.14"]
[White "Kolbus, Dietmar"]
[Black "Sargissian, Gabriel"]
[Result "0-1"]
[WhiteTitle "IM"]
[BlackTitle "GM"]
[WhiteElo "2321"]
[BlackElo "2670"]
[WhiteFideId "4610628"]
[BlackFideId "13300881"]
[EventDate "2016.10.01"]

1. c4 e5 2. Nc3 Nf6 3. Nf3 Nc6 4. d3 Bc5 5. Bg5 h6 6. Bxf6 Qxf6 7. a3 Nd4 8. e3
Nxf3+ 9. Qxf3 Qxf3 10. gxf3 Be7 11. Ne2 d6 12. f4 c6 13. fxe5 dxe5 14. f4 exf4
15. Nxf4 Bd7 16. Bh3 Bxh3 17. Nxh3 f5 18. Rf1 O-O 19. Nf4 Kh7 20. Kd2 g5 21. Ne2
Kg6 22. Rf2 Bd6 23. Raf1 Rae8 24. b4 Rf6 25. h3 Bc7 26. e4 f4 27. Nd4 Rd6 28.
Nf5 Rd7 29. Kc2 a5 30. Rf3 axb4 31. axb4 Be5 32. c5 b6 33. cxb6 Rb7 34. d4 Bb8
35. Kd3 Rxb6 36. Rb1 h5 37. Rff1 Ra6 38. Rb3 g4 39. Rg1 Kg5 40. Rc3 g3 41. Rc5
Ra3+ 42. Kc4 Ba7 43. h4+ Kg4 44. Nh6+ Kh3 45. Rxc6 f3 46. Rg6 f2 0-1

[Event "chess.com IoM Masters"]
[Site "Douglas ENG"]
[Date "2016.10.01"]
[Round "1.15"]
[White "Melkumyan, Hrant"]
[Black "Peek, Marcel"]
[Result "1-0"]
[WhiteTitle "GM"]
[BlackTitle "IM"]
[WhiteElo "2653"]
[BlackElo "2319"]
[WhiteFideId "13302485"]
[BlackFideId "1000462"]
[EventDate "2016.10.01"]

1. d4 d5 2. Bf4 Nf6 3. e3 e6 4. Nd2 c5 5. c3 Nc6 6. Bd3 Bd6 7. Bxd6 Qxd6 8. f4
cxd4 9. cxd4 Bd7 10. a3 Ne7 11. Qe2 Qb6 12. Ngf3 Nf5 13. Ne5 Nd6 14. a4 a5 15.
O-O O-O 16. g4 Bc6 17. Rfc1 Rac8 18. b3 Qb4 19. Rc5 Nfe4 20. Bxe4 dxe4 21. Nxc6
Rxc6 22. Rxc6 bxc6 23. Rc1 Rc8 24. Rc5 h6 25. Kf2 Kh7 26. h4 f5 27. gxf5 exf5
28. Qd1 Qb6 29. h5 Qd8 30. Qh1 Qf6 31. Rxa5 c5 32. Rxc5 Rxc5 33. dxc5 Qc3 34.
Nf1 Qxc5 35. Qg2 Kh8 36. Qg6 Nc8 37. b4 Qc2+ 38. Kg1 Ne7 39. Qe8+ Ng8 40. a5 Qe2
41. Qg6 Ne7 42. Qe6 Qg4+ 43. Kf2 Qh4+ 44. Kg2 Qg4+ 45. Ng3 Qf3+ 46. Kh3 Qg4+ 47.
Kh2 1-0

[Event "chess.com IoM Masters"]
[Site "Douglas ENG"]
[Date "2016.10.01"]
[Round "1.16"]
[White "Karthik, Venkataraman"]
[Black "Salem, A.R. Saleh"]
[Result "1/2-1/2"]
[WhiteTitle "FM"]
[BlackTitle "GM"]
[WhiteElo "2317"]
[BlackElo "2650"]
[WhiteFideId "25006479"]
[BlackFideId "9301348"]
[EventDate "2016.10.01"]

1. d4 Nf6 2. c4 g6 3. Nc3 d5 4. Nf3 Bg7 5. cxd5 Nxd5 6. e4 Nxc3 7. bxc3 c5 8.
Be3 O-O 9. Qd2 Qa5 10. Rc1 Rd8 11. d5 e6 12. Bg5 f6 13. Be3 Nc6 14. Bd3 b6 15.
c4 Nb4 16. Bb1 f5 17. exf5 exd5 18. fxg6 hxg6 19. O-O Bf5 20. Bxf5 gxf5 21. Bh6
Qxa2 22. Qg5 Qb2 23. Bxg7 Qxg7 24. Qxf5 Rd6 25. cxd5 Rf8 26. Qe4 Nxd5 27. Kh1
Nf4 28. g3 Nd3 29. Rc2 b5 30. Nh4 Qd4 31. Qe7 Qd5+ 32. f3 a5 33. Re2 Rd7 34. Qe3
Kh7 35. Qg1 a4 36. Qg2 Rg7 37. Qh3 Qh5 38. Qe6 c4 39. Qe4+ Kg8 40. Qe6+ Qf7 41.
Qa6 Qd5 42. Qh6 Qg5 43. Qe6+ Kh8 44. f4 Nxf4 45. Qd6 Nxe2 46. Qxf8+ Rg8 47. Qf3
Qg4 48. Qf6+ Kh7 49. Nf3 Rg7 1/2-1/2

[Event "chess.com IoM Masters"]
[Site "Douglas ENG"]
[Date "2016.10.01"]
[Round "1.17"]
[White "Hou, Yifan"]
[Black "Jackson, James P"]
[Result "1-0"]
[WhiteTitle "GM"]
[BlackTitle "FM"]
[WhiteElo "2649"]
[BlackElo "2311"]
[WhiteFideId "8602980"]
[BlackFideId "416860"]
[EventDate "2016.10.01"]

1. e4 e5 2. Nf3 Nc6 3. Bb5 a6 4. Ba4 Nf6 5. O-O Be7 6. Re1 b5 7. Bb3 d6 8. c3
O-O 9. h3 Nb8 10. d4 Nbd7 11. Nbd2 Bb7 12. Bc2 Re8 13. Nf1 Bf8 14. Ng3 g6 15. a4
c5 16. d5 c4 17. Bg5 Nc5 18. Qd2 Be7 19. Bh6 Nfd7 20. Nh2 bxa4 21. Ra2 a5 22.
Rf1 Bc8 23. Kh1 Rb8 24. Be3 Qc7 25. Ng4 Nb6 26. Nh6+ Kg7 27. f4 Kxh6 28. fxe5+
Kg7 29. Qf2 Bf8 30. e6 fxe6 31. Nh5+ gxh5 32. Bh6+ Kxh6 33. Qf6# 1-0

[Event "chess.com IoM Masters"]
[Site "Douglas ENG"]
[Date "2016.10.01"]
[Round "1.18"]
[White "Zozulia, Anna"]
[Black "Granda Zuniga, Julio E"]
[Result "0-1"]
[WhiteTitle "IM"]
[BlackTitle "GM"]
[WhiteElo "2303"]
[BlackElo "2648"]
[WhiteFideId "14102110"]
[BlackFideId "3800024"]
[EventDate "2016.10.01"]

1. e4 c5 2. Nf3 d6 3. c3 Nf6 4. Bd3 Nc6 5. h3 Bd7 6. O-O e6 7. Re1 Ne5 8. Bc2
Rc8 9. d3 Be7 10. Nbd2 Qc7 11. d4 cxd4 12. Nxd4 Ng6 13. Nf1 O-O 14. Ne3 b5 15.
Ng4 b4 16. Bd2 Nxg4 17. hxg4 h6 18. Bb3 Bf6 19. a3 bxc3 20. Bxc3 Qb6 21. a4 a6
22. a5 Qb7 23. Ra3 Rc5 24. Ba2 Qc7 25. Ne2 Bxc3 26. Nxc3 Ne5 27. Re3 Rb8 28. Rb3
Rxa5 29. Rxb8+ Qxb8 30. Qe2 Qb6 31. Qd2 Rc5 32. Rg3 g5 33. Kh1 Kg7 34. f4 gxf4
35. Qxf4 Ng6 36. Qd2 Rg5 37. Nd1 Ne5 38. Nf2 a5 39. Qc2 Qd4 40. Qe2 h5 41. Nh3
Rxg4 42. Nf4 Kf8 0-1

[Event "chess.com IoM Masters"]
[Site "Douglas ENG"]
[Date "2016.10.01"]
[Round "1.19"]
[White "Meier, Georg"]
[Black "Enkhtuul, Altan-Ulzii"]
[Result "1-0"]
[WhiteTitle "GM"]
[BlackTitle "WGM"]
[WhiteElo "2648"]
[BlackElo "2302"]
[WhiteFideId "4675789"]
[BlackFideId "4901444"]
[EventDate "2016.10.01"]

1. Nf3 Nf6 2. g3 d5 3. Bg2 c6 4. c4 g6 5. b3 Bg7 6. Bb2 O-O 7. O-O Re8 8. d4 Ne4
9. Nbd2 Na6 10. a3 Nac5 11. b4 Ne6 12. e3 a5 13. Qe2 Nc7 14. Nxe4 dxe4 15. Nd2
axb4 16. Nxe4 f5 17. Nc5 bxa3 18. Rxa3 Rxa3 19. Bxa3 e5 20. dxe5 Bxe5 21. Rd1
Qe7 22. Qd3 Ne6 23. Nd7 Qxd7 24. Qxd7 Bxd7 25. Rxd7 Ra8 26. Be7 Ra1+ 27. Bf1 Rb1
28. Kg2 Bg7 29. h4 Nf8 30. Rd8 Kf7 31. Bd6 Rb2 32. c5 Rb4 33. Bd3 Ne6 34. Rd7+
Kf6 35. f4 g5 36. hxg5+ Kg6 37. g4 Rb2+ 38. Kf3 1-0

[Event "chess.com IoM Masters"]
[Site "Douglas ENG"]
[Date "2016.10.01"]
[Round "1.20"]
[White "Osmanodja, Filiz"]
[Black "Bachmann, Axel"]
[Result "0-1"]
[WhiteTitle "WIM"]
[BlackTitle "GM"]
[WhiteElo "2299"]
[BlackElo "2645"]
[WhiteFideId "24633569"]
[BlackFideId "3700488"]
[EventDate "2016.10.01"]

1. e4 g6 2. d4 Bg7 3. Nc3 c6 4. Nf3 d6 5. Be3 Nd7 6. Qd2 b5 7. a4 b4 8. Ne2 Ngf6
9. Ng3 Ng4 10. Bf4 e5 11. dxe5 dxe5 12. Bg5 f6 13. h3 Nxf2 14. Qxf2 fxg5 15. Bc4
Qe7 16. O-O Rf8 17. Qe3 h6 18. Kh2 g4 19. Nd2 gxh3 20. gxh3 Nc5 21. Nb3 Ne6 22.
Na5 Nf4 23. Nxc6 Qh4 24. Nf5 gxf5 25. Rad1 Bd7 26. Bb5 Qxh3+ 27. Qxh3 Nxh3 28.
Kxh3 a6 29. Rxd7 Kxd7 30. Nxe5+ Kc7 31. Ng6 axb5 32. Nxf8 Rxf8 33. axb5 fxe4 34.
Re1 Re8 35. c3 e3 36. cxb4 Bxb2 37. Kg2 Bc3 38. Rc1 e2 39. Rxc3+ Kb6 0-1

[Event "chess.com IoM Masters"]
[Site "Douglas ENG"]
[Date "2016.10.01"]
[Round "1.21"]
[White "Howell, David W L"]
[Black "Webb, Laurence E"]
[Result "1-0"]
[WhiteTitle "GM"]
[BlackTitle "FM"]
[WhiteElo "2644"]
[BlackElo "2280"]
[WhiteFideId "410608"]
[BlackFideId "402389"]
[EventDate "2016.10.01"]

1. Nf3 Nf6 2. g3 d5 3. Bg2 c6 4. c4 g6 5. b3 Bg7 6. Bb2 O-O 7. O-O Bg4 8. d3
Nbd7 9. Nbd2 Re8 10. h3 Bxf3 11. Nxf3 e6 12. e3 a5 13. Qe2 a4 14. b4 a3 15. Bc3
Nb6 16. Rab1 Na4 17. Bd4 Nd7 18. Bxg7 Kxg7 19. Rb3 Qf6 20. Nd4 e5 21. Nc2 e4 22.
cxd5 cxd5 23. dxe4 dxe4 24. Nxa3 Ndb6 25. Nb5 Qe5 26. Rd1 Rad8 27. Bf1 Nd5 28.
Rd4 Ne7 29. Ra3 Nb6 30. Ra7 Nc6 31. Rxd8 Nxd8 32. Nd4 Nd5 33. Qb5 Re7 34. Ra5
Nc6 35. Qxd5 Nxa5 36. Qxa5 Qxa5 37. bxa5 f5 38. a4 Kf6 39. Kg2 Rc7 40. a6 bxa6
41. Bxa6 Rc1 42. a5 Ra1 43. Nc6 Ke6 44. Bb7 Kd6 45. a6 Kc7 46. g4 Ra2 47. gxf5
gxf5 48. Ne7 Ra5 49. Kg3 1-0

[Event "chess.com IoM Masters"]
[Site "Douglas ENG"]
[Date "2016.10.01"]
[Round "1.22"]
[White "Strugnell, Carl"]
[Black "Grandelius, Nils"]
[Result "0-1"]
[WhiteTitle "FM"]
[BlackTitle "GM"]
[WhiteElo "2278"]
[BlackElo "2642"]
[WhiteFideId "616753"]
[BlackFideId "1710400"]
[EventDate "2016.10.01"]

1. e4 e5 2. Nf3 Nc6 3. Bb5 a6 4. Ba4 Nf6 5. O-O Be7 6. Re1 b5 7. Bb3 d6 8. a4
Bg4 9. c3 O-O 10. h3 Bxf3 11. Qxf3 Na5 12. Bc2 b4 13. d4 c5 14. dxe5 dxe5 15.
Nd2 Qc7 16. Nf1 c4 17. Bg5 bxc3 18. Qxc3 Rab8 19. Bxf6 Bxf6 20. Ne3 Rfc8 21. Nd5
Qc5 22. Nxf6+ gxf6 23. Rad1 Nc6 24. Qg3+ Kf8 25. Rd5 Qb4 26. Re3 Ne7 27. Rd7 Rd8
28. Rc7 Rbc8 29. Rxc8 Rxc8 30. b3 Qd2 31. Rc3 cxb3 32. Rxc8+ Nxc8 33. Bxb3 Qe1+
34. Kh2 Qxe4 35. Qc3 Nd6 36. Qc7 Qd4 37. a5 Kg7 38. Qd7 h5 39. Kg1 e4 40. Bc2
Qa1+ 41. Kh2 Qe5+ 42. Kg1 f5 43. Qa7 Qc3 44. Qe7 Qf6 45. Qxf6+ Kxf6 46. Bd1 h4
47. Be2 Nb7 48. Bxa6 Nxa5 49. g3 Nb3 50. gxh4 Nd2 51. Kg2 f4 52. Bb7 Kg6 53. Bc6
f6 54. Be8+ Kh6 55. Bf7 Nf3 56. h5 Nd4 57. Bg6 f5 58. Be8 Nf3 59. Kf1 Nd4 0-1

[Event "chess.com IoM Masters"]
[Site "Douglas ENG"]
[Date "2016.10.01"]
[Round "1.23"]
[White "Gupta, Abhijeet"]
[Black "Von Meijenfeldt, Bart"]
[Result "1-0"]
[WhiteTitle "GM"]
[BlackTitle "FM"]
[WhiteElo "2626"]
[BlackElo "2265"]
[WhiteFideId "5010608"]
[BlackFideId "1032259"]
[EventDate "2016.10.01"]

1. d4 Nf6 2. c4 g6 3. Nc3 Bg7 4. e4 d6 5. Nf3 O-O 6. h3 e5 7. d5 Nh5 8. g3 f5 9.
exf5 gxf5 10. Nh4 Nf6 11. Bg5 Na6 12. Qc2 Qe8 13. O-O-O Nc5 14. Be3 b6 15. Be2
c6 16. dxc6 Qxc6 17. g4 f4 18. Bxc5 Qxc5 19. g5 Qxf2 20. gxf6 Bxf6 21. Rhg1+ Kh8
22. Ng6+ hxg6 23. Qxg6 1-0

[Event "chess.com IoM Masters"]
[Site "Douglas ENG"]
[Date "2016.10.01"]
[Round "1.24"]
[White "Gungl, Theo"]
[Black "Van Foreest, Jorden"]
[Result "0-1"]
[WhiteTitle "FM"]
[BlackTitle "GM"]
[WhiteElo "2257"]
[BlackElo "2615"]
[WhiteFideId "24695653"]
[BlackFideId "1039784"]
[EventDate "2016.10.01"]

1. e4 e5 2. Nf3 Nc6 3. Bb5 Nf6 4. O-O d6 5. Nc3 Bd7 6. d3 Be7 7. h3 a6 8. Ba4 b5
9. Bb3 Na5 10. Be3 c5 11. Bd5 Nc6 12. a3 Nxd5 13. Nxd5 O-O 14. Nd2 Bg5 15. f4
exf4 16. Bxf4 Bxf4 17. Rxf4 Ne7 18. Qh5 Nxd5 19. Qxd5 Be6 20. Qh5 Qb6 21. Nf3 f6
22. Rf1 c4+ 23. Kh1 cxd3 24. cxd3 Qe3 25. Ne1 Rac8 26. R4f2 Rc1 27. Qe2 Qxe2 28.
Rxe2 Rfc8 29. Kg1 Rd1 30. Rf3 Ba2 31. Kf2 Bb1 32. Ree3 Rcc1 33. Rf5 Kf7 34. Rd5
Ke6 35. Nf3 Ba2 36. Nd4+ Kd7 37. Rh5 Bg8 38. Rf5 Rd2+ 39. Ne2 Bb3 40. Kg3 Rcc2 0-1

[Event "chess.com IoM Masters"]
[Site "Douglas ENG"]
[Date "2016.10.01"]
[Round "1.25"]
[White "L'Ami, Erwin"]
[Black "Arnold, Max"]
[Result "1-0"]
[WhiteTitle "GM"]
[WhiteElo "2605"]
[BlackElo "2202"]
[WhiteFideId "1007998"]
[BlackFideId "24682810"]
[EventDate "2016.10.01"]

1. e4 e5 2. Nf3 Nc6 3. Bb5 Nf6 4. O-O Nxe4 5. d4 Nd6 6. Bxc6 dxc6 7. dxe5 Nf5 8.
Qxd8+ Kxd8 9. Rd1+ Ke8 10. a4 a5 11. h3 Ne7 12. Ra3 Ng6 13. Rb3 b6 14. Nd4 Bc5
15. Bg5 Bxd4 16. Rxd4 Be6 17. Rbd3 Ne7 18. Bxe7 Kxe7 19. Nc3 Rad8 20. g4 Rxd4
21. Rxd4 h5 22. f3 hxg4 23. hxg4 Bc8 24. Kg2 Ke6 25. f4 g5 26. f5+ Kxe5 27. Re4+
Kf6 28. Re1 Rd8 29. Kf3 Kg7 30. Re7 Rd7 31. Re8 Bb7 32. Rb8 Ba6 33. Ne4 f6 34.
Rg8+ Kxg8 35. Nxf6+ Kg7 36. Nxd7 Bc4 37. b3 Bd5+ 38. Ke3 c5 39. Ne5 Kf6 40. Nc4
Bf7 41. Nd2 Kg7 42. c4 Be8 43. Ne4 Kh6 44. Nc3 Bc6 45. Nb5 Bxb5 46. axb5 1-0